Infectious diseases of children

Sparad:
Bibliografiska uppgifter
Huvudupphovsman: Saul Krugman
Materialtyp: Bok
Språk:Undetermined
Publicerad: Baltimore Mosby 1992
Ämnen:
Taggar: Lägg till en tagg
Inga taggar, Lägg till första taggen!
Thư viện lưu trữ: Trung tâm Học liệu Trường Đại học Cần Thơ
LEADER 00559nam a2200193Ia 4500
001 CTU_14820
008 210402s9999 xx 000 0 und d
020 |b 230.95df 
082 |a 618.92 
082 |b I.43 
100 |a Saul Krugman 
245 0 |a Infectious diseases of children 
245 0 |c Saul Krugman, Anne A Gershon, Catherine M Wilfert, Samuel L Katz 
260 |a Baltimore 
260 |b Mosby 
260 |c 1992 
650 |a communicable diseases in children 
904 |i Minh, 970319 
980 |a Trung tâm Học liệu Trường Đại học Cần Thơ